000
00305nam a22001337a 4500
008
181025b xxu||||| |||| 00| 0 eng d
020
_a
9781319063009
041
_a
eng
080
_a
370
100
_a
47
101
_a
EDU
245
_a
In Conversation A Writers Guidebook
_c
Mike.P
942
_2
udc
_c
BK
999
_c
50913
_d
50913